000
00294nam a2200121Ia 4500
008
191201s2016 xx 000 0 und d
100
_a
GANGAL, J K
245
0
_a
Practical Course for Developing Skill in English
260
_b
Pearsons
_c
2016
300
_a
360
650
_a
BBA
942
_2
ddc
_c
BK
999
_c
6946
_d
6946